[Event "Quebec op"]
[Site "Montreal CAN"]
[Date "2023.08.03"]
[Round "7.11"]
[White "Malakhovets, Sergey"]
[Black "Wang, Rachel"]
[Result "1-0"]
[WhiteElo "1966"]
[BlackElo "1675"]
[PlyCount "107"]
[EventDate "2023.07.29"]
[EventType "swiss"]
[EventRounds "9"]
[EventCountry "CAN"]

1. d4 d5 2. Bf4 Nf6 3. e3 c5 4. Nf3 Nc6 5. Nbd2 cxd4 6. exd4 Qb6 7. Nb3 Bg4 8.
c3 e6 9. Bd3 Be7 10. h3 Bh5 11. O-O O-O 12. Re1 a5 13. g4 Bg6 14. Bxg6 hxg6 15.
a4 Ne4 16. Re2 Rfc8 17. Nc1 Bd6 18. Bxd6 Nxd6 19. Nd3 Qc7 20. Nde5 Nxe5 21.
dxe5 Ne8 22. Kg2 Qc4 23. Rd2 Rab8 24. Rd4 Qc7 25. h4 b5 26. h5 gxh5 27. Qh1
bxa4 28. Qxh5 Rxb2 29. Rh1 Kf8 30. Ng5 Qb7 31. Rh3 Rc7 32. Rf3 Rb6 33. Qh8+ Ke7
34. Rxf7+ Kd8 35. Rf8 Re7 36. Rdf4 a3 37. Nf7+ Kd7 38. Nd6 Nxd6 39. Rd8+ Kc7
40. Qf8 Kc6 41. exd6 Rd7 42. Qe8 d4 43. Kh2 Rb1 44. Rc8+ Kb6 45. Rb8 Rh1+ 46.
Kg3 Rg1+ 47. Kh4 g5+ 48. Kxg5 a2 49. Rxb7+ Rxb7 50. Qxe6 a1=Q 51. d7+ Kc7 52.
d8=Q+ Kxd8 53. Rf8+ Kc7 54. Rc8# 1-0

[Event "Quebec op"]
[Site "Montreal CAN"]
[Date "2023.08.03"]
[Round "7.12"]
[White "Libersan, Thierry"]
[Black "Jiang, Barron Jiyu"]
[Result "1/2-1/2"]
[WhiteElo "1920"]
[BlackElo "1764"]
[PlyCount "81"]
[EventDate "2023.07.29"]
[EventType "swiss"]
[EventRounds "9"]
[EventCountry "CAN"]

1. d4 d5 2. c4 Nf6 3. cxd5 Nxd5 4. e4 Nb6 5. Nc3 e6 6. Nf3 c5 7. Be3 cxd4 8.
Nxd4 a6 9. Nxe6 Qxd1+ 10. Rxd1 Bxe6 11. Bxb6 Nd7 12. Bd4 b5 13. Be2 Nc5 14. O-O
Rd8 15. b4 Nb7 16. Nd5 Bxd5 17. exd5 Bxb4 18. Bxg7 Rg8 19. Bf6 Be7 20. Bxe7
Kxe7 21. Rd4 Nc5 22. Bf3 Ne6 23. Re1 Kf6 24. Rh4 Ng5 25. Rf4+ Kg7 26. Re5 f6
27. Ref5 Rge8 28. h4 Re1+ 29. Kh2 Nxf3+ 30. Rxf3 Rd6 31. Rc3 Re4 32. h5 Rc4 33.
Rg3+ Kh6 34. Rgf3 Kg7 35. Rg3+ Kh6 36. Kh3 Rd4 37. Rgf3 Kg7 38. Rg3+ Kh6 39.
Rgf3 Kg7 40. Rg3+ Kh6 41. Rgf3 1/2-1/2

[Event "Quebec op"]
[Site "Montreal CAN"]
[Date "2023.08.03"]
[Round "7.13"]
[White "Deboosere, Adam"]
[Black "Gueorguiev, Valentin"]
[Result "1-0"]
[WhiteElo "1745"]
[BlackElo "1917"]
[PlyCount "107"]
[EventDate "2023.07.29"]
[EventType "swiss"]
[EventRounds "9"]
[EventCountry "CAN"]

1. c4 c5 2. g3 g6 3. Bg2 Bg7 4. Nc3 Nc6 5. a3 e6 6. b4 cxb4 7. axb4 Nxb4 8. Ba3
Nc6 9. Nb5 Nge7 10. Nd6+ Kf8 11. Ra2 Kg8 12. e4 Rb8 13. Nh3 h6 14. O-O b6 15.
Qf3 Ne5 16. Qe2 Rh7 17. d4 N5c6 18. d5 Nd4 19. Qd3 b5 20. cxb5 a6 21. bxa6 Qb6
22. Nxc8 Nxc8 23. Kh1 Rh8 24. Rb2 Nb5 25. Rb3 Nca7 26. Rfb1 Kh7 27. Bf1 exd5
28. Qxd5 Qxa6 29. Bc5 Qa4 30. Bxb5 Rxb5 31. Rxb5 Nxb5 32. Re1 Nc3 33. Qxf7 Nxe4
34. Be7 Qc6 35. Kg1 Nd2 36. Rd1 Nf3+ 37. Kg2 Ne5+ 38. Qd5 Qc2 39. Rd2 Qc3 40.
Nf4 Re8 41. Bd6 Ng4 42. Qd3 Qf6 43. h3 Ne5 44. Bxe5 Rxe5 45. Qxd7 Re7 46. Qd3
Qc6+ 47. Qd5 Qc3 48. Ra2 Re5 49. Qb7 h5 50. Ra7 Re1 51. h4 Qd4 52. Nh3 Re2 53.
Ra8 Rb2 54. Ng5+ 1-0

[Event "Quebec op"]
[Site "Montreal CAN"]
[Date "2023.08.03"]
[Round "7.14"]
[White "Enkh-Amar, Galbadrakh"]
[Black "Pomerantz, Daniel"]
[Result "1-0"]
[WhiteElo "2130"]
[BlackElo "1979"]
[PlyCount "167"]
[EventDate "2023.07.29"]
[EventType "swiss"]
[EventRounds "9"]
[EventCountry "CAN"]

1. e4 c6 2. d4 d5 3. Nc3 dxe4 4. Nxe4 Nf6 5. Nxf6+ exf6 6. Nf3 Bd6 7. Be2 O-O
8. O-O Re8 9. Be3 Nd7 10. c4 Nf8 11. Re1 Bg4 12. Qb3 Qd7 13. Rad1 Ng6 14. Nd2
Bxe2 15. Rxe2 Qg4 16. f3 Qh5 17. Nf1 Re7 18. c5 Bc7 19. Ng3 Bxg3 20. hxg3 Rd8
21. Rde1 h6 22. Bf2 Rdd7 23. Qc4 Rxe2 24. Rxe2 Ne7 25. b4 Qd5 26. Qxd5 Nxd5 27.
Rb2 a6 28. Rb3 h5 29. a4 Nc7 30. Kf1 Ne6 31. b5 axb5 32. axb5 Kf8 33. b6 Ke7
34. Rb4 Nd8 35. Ke2 Ke6 36. Kd3 Kd5 37. Ra4 Ne6 38. Ra8 Rd8 39. Ra7 Rd7 40. Be3
Re7 41. Ra8 Rd7 42. Rc8 Rd8 43. Rxd8+ Nxd8 44. Bf2 Ne6 45. Be3 g6 46. Bf2 h4
47. gxh4 Nf4+ 48. Ke3 Nxg2+ 49. Kd3 Nf4+ 50. Ke3 Ne6 51. Kd3 Ng7 52. Be3 f5 53.
Bg5 Nh5 54. Ke3 Ng7 55. Kd3 Ne6 56. Bf6 Nf8 57. Bg7 Ne6 58. Bf6 Nf4+ 59. Ke3
Nh5 60. Be5 f6 61. Bc7 g5 62. hxg5 fxg5 63. Be5 f4+ 64. Kd3 Ng3 65. Bg7 Nf5 66.
Bf6 Nh4 67. Ke2 Kc4 68. Bxg5 Nf5 69. Bxf4 Nxd4+ 70. Ke3 Ne6 71. Ke4 Kxc5 72.
Be3+ Kd6 73. f4 Nf8 74. f5 Nd7 75. Bf4+ Ke7 76. Be3 Nf6+ 77. Kd4 Nd5 78. Bg5+
Kf7 79. Kc5 Ne7 80. Kd6 Nxf5+ 81. Kc7 Ke6 82. Kxb7 Kd7 83. Ka8 Nd6 84. Bf4 1-0

[Event "Quebec op"]
[Site "Montreal CAN"]
[Date "2023.08.03"]
[Round "7.15"]
[White "Bouchard, Jean-Marc"]
[Black "Robichaud, Louis"]
[Result "0-1"]
[WhiteElo "1850"]
[BlackElo "2008"]
[PlyCount "62"]
[EventDate "2023.07.29"]
[EventType "swiss"]
[EventRounds "9"]
[EventCountry "CAN"]

1. e4 e5 2. Nf3 Nc6 3. Bb5 a6 4. Bxc6 dxc6 5. Nxe5 Qd4 6. Nf3 Qxe4+ 7. Qe2
Qxe2+ 8. Kxe2 Bg4 9. h3 Bh5 10. Re1 O-O-O 11. g4 Bg6 12. d3 Nf6 13. Bg5 Re8+
14. Kf1 Rxe1+ 15. Kxe1 h5 16. Bxf6 hxg4 17. hxg4 Rh1+ 18. Ke2 gxf6 19. Ne1 Bh6
20. Nc3 f5 21. gxf5 Bxf5 22. Ne4 Bg4+ 23. f3 Rh2+ 24. Nf2 Bf5 25. d4 Bf4 26.
Ned3 Bxd3+ 27. cxd3 Bg3 28. Rf1 f5 29. f4 Bxf4 30. Kf3 Bd6 31. Rg1 Kd7 0-1

[Event "Quebec op"]
[Site "Montreal CAN"]
[Date "2023.08.03"]
[Round "7.16"]
[White "Avarian, Aram Sevag"]
[Black "Luksza, Arkadiusz"]
[Result "0-1"]
[WhiteElo "1842"]
[BlackElo "1991"]
[PlyCount "104"]
[EventDate "2023.07.29"]
[EventType "swiss"]
[EventRounds "9"]
[EventCountry "CAN"]

1. e4 c5 2. Nc3 Nc6 3. Bb5 g6 4. Bxc6 dxc6 5. f4 Bg7 6. Nf3 Nf6 7. d3 O-O 8.
O-O c4 9. dxc4 Qb6+ 10. Kh1 Be6 11. Qe2 Qb4 12. Ne5 Nh5 13. a3 Qa5 14. g4 Nxf4
15. Bxf4 Bxe5 16. Bxe5 Qxe5 17. Rad1 Rad8 18. Kg2 Qg5 19. h3 h5 20. Kg3 Qe5+
21. Kg2 hxg4 22. hxg4 Kg7 23. Rxd8 Rxd8 24. Rd1 Rh8 25. Rh1 Rxh1 26. Kxh1 Qf4
27. Qh2 Qxg4 28. Qe5+ f6 29. Qc7 Kf7 30. Qh2 Bxc4 31. Qf2 b6 32. Kh2 Qh5+ 33.
Kg3 Be6 34. Qd4 Qh3+ 35. Kf2 Qh2+ 36. Kf3 Qxc2 37. Nd1 Qh2 38. Ne3 Qh5+ 39. Kf2
Qg5 40. Ke2 Qe5 41. Qb4 g5 42. Kd3 Qd6+ 43. Qxd6 exd6 44. b4 b5 45. Nc2 Bd7 46.
Ne3 g4 47. Ng2 Kg6 48. Ke3 Kg5 49. Kf2 c5 50. Kg3 c4 51. Ne3 c3 52. Kf2 Be6 0-1

[Event "Quebec op"]
[Site "Montreal CAN"]
[Date "2023.08.03"]
[Round "7.17"]
[White "Eltafi, Ali Sina"]
[Black "Guillemette, Hugo"]
[Result "0-1"]
[WhiteElo "1394"]
[BlackElo "1955"]
[PlyCount "64"]
[EventDate "2023.07.29"]
[EventType "swiss"]
[EventRounds "9"]
[EventCountry "CAN"]

1. d4 Nf6 2. c4 e6 3. g3 Bb4+ 4. Bd2 Be7 5. Bg2 d5 6. Nc3 O-O 7. c5 c6 8. Nf3
b6 9. b4 Nbd7 10. O-O a5 11. a3 Ba6 12. Re1 Ne4 13. Nxe4 dxe4 14. Ne5 Nxe5 15.
dxe5 axb4 16. axb4 bxc5 17. bxc5 Qd5 18. Qc2 Qxe5 19. Qxe4 Qxe4 20. Bxe4 Bb5
21. Bb4 f5 22. Bc2 Bc4 23. Kf1 Bf6 24. Rad1 Rfb8 25. Bd2 Rb2 26. Bb1 Bb3 27.
Bxf5 Bxd1 28. Bxe6+ Kf8 29. Rxd1 Rd8 30. Ke1 Rdxd2 31. Rxd2 Rb1+ 32. Rd1 Bc3+
0-1

[Event "Quebec op"]
[Site "Montreal CAN"]
[Date "2023.08.03"]
[Round "7.18"]
[White "Mok, Yuen Tak"]
[Black "Singher, Jean-Pierre"]
[Result "1-0"]
[WhiteElo "1841"]
[BlackElo "1934"]
[PlyCount "67"]
[EventDate "2023.07.29"]
[EventType "swiss"]
[EventRounds "9"]
[EventCountry "CAN"]

1. c4 c5 2. Nf3 Nc6 3. d4 cxd4 4. Nxd4 e5 5. Nc2 d6 6. Nc3 Be6 7. b3 Nf6 8. e4
a6 9. Be2 Qa5 10. Bd2 Qc7 11. Bg5 Be7 12. O-O Qa5 13. Bd2 Qd8 14. Be3 O-O 15.
f4 exf4 16. Bxf4 Rc8 17. Kh1 b5 18. cxb5 Ne5 19. Nd5 Nxe4 20. Nxe7+ Qxe7 21.
bxa6 Nc3 22. Qd2 Ng6 23. Nd4 Ne4 24. Qe1 d5 25. Be3 Rc3 26. Nxe6 fxe6 27. Bf3
Nh4 28. a7 Nf5 29. Bg1 Nfd6 30. Rc1 Rxc1 31. Qxc1 Qb7 32. Bxe4 Nxe4 33. Rxf8+
Kxf8 34. Qf4+ 1-0

[Event "Quebec op"]
[Site "Montreal CAN"]
[Date "2023.08.04"]
[Round "8.1"]
[White "Bruzon Batista, Lazaro"]
[Black "Rozentalis, Eduardas"]
[Result "1/2-1/2"]
[WhiteElo "2609"]
[BlackElo "1496"]
[PlyCount "37"]
[EventDate "2023.07.29"]
[EventType "swiss"]
[EventRounds "9"]
[EventCountry "CAN"]

1. e4 e6 2. d4 d5 3. e5 c5 4. c3 Bd7 5. Nf3 Qb6 6. Bd3 cxd4 7. Nxd4 Nc6 8. Nxc6
bxc6 9. Nd2 Ne7 10. O-O Ng6 11. Nf3 f6 12. Re1 Be7 13. b4 Qc7 14. exf6 gxf6 15.
Nd4 e5 16. Nf5 O-O-O 17. Nxe7+ Nxe7 18. Be3 Nf5 19. Qh5 1/2-1/2

[Event "Quebec op"]
[Site "Montreal CAN"]
[Date "2023.08.04"]
[Round "8.3"]
[White "Sambuev, Bator"]
[Black "Perez Rodriguez, Luis Manuel"]
[Result "1-0"]
[WhiteElo "2457"]
[BlackElo "2328"]
[PlyCount "67"]
[EventDate "2023.07.29"]
[EventType "swiss"]
[EventRounds "9"]
[EventCountry "CAN"]

1. d4 d5 2. c4 c6 3. Nf3 Nf6 4. e3 e6 5. Nbd2 Nbd7 6. b3 b6 7. Bd3 Bd6 8. Bb2
Bb7 9. O-O O-O 10. Qe2 c5 11. Rfd1 Qe7 12. cxd5 Nxd5 13. Ne4 Bc7 14. dxc5 bxc5
15. Ba6 Bc6 16. Bb5 Bxb5 17. Qxb5 a5 18. Nc3 Rfb8 19. Nxd5 exd5 20. Qd3 Nb6 21.
Rac1 Bd6 22. Qf5 Qe6 23. Qxe6 fxe6 24. Ng5 Re8 25. Ne4 Bf8 26. Nxc5 a4 27. Nd3
axb3 28. axb3 Rab8 29. Be5 Rb7 30. Rc7 Rxc7 31. Bxc7 Nd7 32. Ra1 e5 33. Kf1 g5
34. Ra5 1-0

[Event "Quebec op"]
[Site "Montreal CAN"]
[Date "2023.08.04"]
[Round "8.5"]
[White "Tanaka, Tyler"]
[Black "Dukic, Zachary"]
[Result "0-1"]
[WhiteElo "2297"]
[BlackElo "2196"]
[PlyCount "90"]
[EventDate "2023.07.29"]
[EventType "swiss"]
[EventRounds "9"]
[EventCountry "CAN"]

1. d4 Nf6 2. Nf3 d5 3. e3 e6 4. Bd3 c5 5. b3 Nc6 6. Bb2 cxd4 7. exd4 Bd6 8. O-O
O-O 9. a3 b6 10. Re1 Bb7 11. Nbd2 Rc8 12. Ne5 Ne7 13. Qf3 Rc7 14. Rac1 Ng6 15.
g4 Qe7 16. a4 Rfc8 17. h3 Bb4 18. Nxg6 hxg6 19. Qe3 Nh7 20. Re2 Qh4 21. Kg2 Ng5
22. Qg3 Qh6 23. Nf1 Bd6 24. f4 Ne4 25. Qf3 Bxf4 26. Rce1 f6 27. Ne3 e5 28. h4
Qxh4 29. Bxe4 dxe4 30. Qh3 Qxh3+ 31. Kxh3 Bxe3 32. Rxe3 Rxc2 33. Ba1 exd4 34.
Bxd4 Kf7 35. Kg3 g5 36. Rh1 Rd2 37. Bc3 Rc2 38. Bb4 Rd8 39. a5 Rd4 40. a6 Bd5
41. Bd6 Rd3 42. Rxd3 exd3 43. Rd1 Rg2+ 44. Kh3 d2 45. b4 Bb3 0-1

[Event "Quebec op"]
[Site "Montreal CAN"]
[Date "2023.08.04"]
[Round "8.6"]
[White "Saha, Ananda"]
[Black "Malakhovets, Sergey"]
[Result "1/2-1/2"]
[WhiteElo "1984"]
[BlackElo "1966"]
[PlyCount "123"]
[EventDate "2023.07.29"]
[EventType "swiss"]
[EventRounds "9"]
[EventCountry "CAN"]

1. Nf3 d5 2. c4 c6 3. g3 Bg4 4. Bg2 e6 5. O-O Nf6 6. d3 Nbd7 7. Nbd2 Be7 8. b3
O-O 9. Bb2 a5 10. Qc2 Bh5 11. a3 Qb8 12. Rfe1 Rc8 13. Rac1 b5 14. e4 Nb6 15. c5
Nbd7 16. d4 dxe4 17. Nxe4 Nxe4 18. Qxe4 Nf6 19. Qe5 Bxf3 20. Bxf3 Qxe5 21. dxe5
Nd5 22. Be4 g6 23. f4 Ra7 24. Kg2 Rd7 25. Kf3 b4 26. a4 Bf8 27. g4 Bh6 28. g5
Bf8 29. h4 Ne7 30. Red1 Rcd8 31. Rd6 Nf5 32. Bxc6 Bxd6 33. Bxd7 Bxc5 34. Bb5
Bd4 35. Rd1 Bb6 36. Rxd8+ Bxd8 37. Ke4 h5 38. gxh6 Bxh4 39. Kd3 Bf2 40. Bc1 Bb6
41. Be8 Nxh6 42. Kc4 Kf8 43. Kb5 Bd8 44. Bc6 Nf5 45. Be4 f6 46. Bd2 fxe5 47.
fxe5 g5 48. Bxb4+ axb4 49. a5 Nd4+ 50. Kxb4 Bxa5+ 51. Kxa5 Nxb3+ 52. Kb4 Nd2
53. Bg2 g4 54. Kc3 Nf3 55. Bxf3 gxf3 56. Kd3 Kg7 57. Ke3 f2 58. Kxf2 Kg6 59.
Kg2 Kg5 60. Kg3 Kf5 61. Kf3 Kxe5 62. Ke3 1/2-1/2

[Event "Quebec op"]
[Site "Montreal CAN"]
[Date "2023.08.04"]
[Round "8.7"]
[White "Batorshyn, Ilia"]
[Black "Zheng, Richard"]
[Result "0-1"]
[WhiteElo "2014"]
[BlackElo "2214"]
[PlyCount "120"]
[EventDate "2023.07.29"]
[EventType "swiss"]
[EventRounds "9"]
[EventCountry "CAN"]

1. e4 c6 2. Nf3 d5 3. Nc3 Bg4 4. h3 Bxf3 5. Qxf3 e6 6. Be2 Nf6 7. O-O Nbd7 8.
d4 dxe4 9. Nxe4 Nxe4 10. Qxe4 Nf6 11. Qe3 Bd6 12. g3 Qc7 13. Rd1 O-O 14. a4
Rfe8 15. Qf3 e5 16. dxe5 Bxe5 17. c3 Rad8 18. Bd3 Rd5 19. Be3 Red8 20. Bc2 a5
21. Kg2 Rxd1 22. Rxd1 Rxd1 23. Qxd1 Nd5 24. Bc5 b6 25. Bd4 Bxd4 26. Qxd4 Nf6
27. Be4 c5 28. Qd3 g6 29. Bf3 Kg7 30. h4 h5 31. Kf1 Qe5 32. Kg2 Qe6 33. c4 Ne8
34. Qd8 Kf8 35. Qd3 Nd6 36. Bd5 Qf6 37. Qb3 Nf5 38. Qb5 Qd6 39. Qb3 Nd4 40. Qe3
Kg7 41. Qe8 Qf6 42. Qd7 Nc2 43. Qc7 Ne1+ 44. Kf1 Nd3 45. Ke2 Nxf2 46. Qxf7+
Qxf7 47. Bxf7 Nh1 48. Bxg6 Kxg6 49. Kf3 Kf5 50. g4+ hxg4+ 51. Kg2 Kg6 52. Kxh1
Kh5 53. Kg2 Kxh4 54. Kh2 g3+ 55. Kg2 Kg4 56. Kg1 Kf3 57. Kf1 g2+ 58. Kg1 Kg3
59. b4 axb4 60. a5 b3 0-1

[Event "Quebec op"]
[Site "Montreal CAN"]
[Date "2023.08.04"]
[Round "8.8"]
[White "Zhang, Chu Hang"]
[Black "Deboosere, Adam"]
[Result "1/2-1/2"]
[WhiteElo "1953"]
[BlackElo "1745"]
[PlyCount "142"]
[EventDate "2023.07.29"]
[EventType "swiss"]
[EventRounds "9"]
[EventCountry "CAN"]

1. e4 c6 2. d3 d5 3. Nd2 e5 4. Ngf3 Bd6 5. g3 Nf6 6. Bg2 O-O 7. O-O Re8 8. c3
Nbd7 9. Qc2 a5 10. a4 Qc7 11. Re1 Nc5 12. exd5 cxd5 13. d4 Ncd7 14. dxe5 Nxe5
15. Nxe5 Rxe5 16. Rxe5 Bxe5 17. Nf3 Bd6 18. Bg5 Ne4 19. Rd1 Be6 20. Be3 Nf6 21.
Nd4 Bc5 22. Nb5 Qb6 23. Bxc5 Qxc5 24. Qd3 Re8 25. Qd4 Qxd4 26. Rxd4 Rc8 27. Nd6
Rc7 28. Ne4 Nxe4 29. Bxe4 Rc5 30. Bd3 Kf8 31. f4 h6 32. Kf2 f6 33. Ke3 Rc7 34.
Bb5 Ke7 35. Rd2 Bf7 36. Kd4 Kd6 37. Re2 b6 38. f5 Re7 39. Rxe7 Kxe7 40. Ba6 Kd6
41. Bb7 Be8 42. b3 Bf7 43. h3 Bg8 44. g4 Bf7 45. h4 Bg8 46. Ba6 Bf7 47. Bb5 Kc7
48. Ba6 Kd6 49. Bc8 Bg8 50. Bb7 Bf7 51. h5 Bg8 52. Ba6 Bf7 53. Bb5 Kc7 54. Be2
Kd6 55. Bf3 Bg8 56. Bg2 Bf7 57. Bf1 Bg8 58. Bb5 Bf7 59. b4 Bg8 60. Be8 Ke7 61.
Bc6 Kd6 62. Be8 Ke7 63. Bg6 Kd6 64. bxa5 bxa5 65. Be8 Ke7 66. Bb5 Kd6 67. c4
dxc4 68. Bxc4 Bxc4 69. Kxc4 Kc6 70. Kd4 Kd6 71. Kc4 Kc6 1/2-1/2

[Event "Quebec op"]
[Site "Montreal CAN"]
[Date "2023.08.04"]
[Round "8.9"]
[White "Lin, Leo"]
[Black "Di Matteo, Alessio"]
[Result "1-0"]
[WhiteElo "2050"]
[BlackElo "1677"]
[PlyCount "89"]
[EventDate "2023.07.29"]
[EventType "swiss"]
[EventRounds "9"]
[EventCountry "CAN"]

1. e4 e6 2. c3 d5 3. e5 c5 4. Nf3 Nc6 5. Na3 Bd7 6. Nc2 Nge7 7. d4 cxd4 8. cxd4
Nf5 9. Bd3 Be7 10. Bxf5 exf5 11. O-O O-O 12. a3 Be6 13. Qd3 Qd7 14. b4 Rac8 15.
Nd2 f6 16. f4 fxe5 17. dxe5 a6 18. Nb3 g6 19. Be3 Rfd8 20. Bb6 Re8 21. Rad1 d4
22. Ncxd4 Nxd4 23. Qxd4 Qa4 24. Nc5 Bxc5 25. bxc5 Qxa3 26. Rf3 Qa2 27. Rf2 Qb3
28. Rb2 Qa3 29. Rb4 Qa2 30. Qc3 Qe2 31. Re1 Qa2 32. Rd4 Kf7 33. Red1 Qb3 34.
Rd7+ Re7 35. Rxe7+ Kxe7 36. Qd4 Kf7 37. h3 Qb5 38. Qf2 Kg8 39. Rd6 Qe8 40. Qh4
Qf7 41. Kh2 Kf8 42. Qh6+ Ke8 43. h4 Ke7 44. h5 gxh5 45. Bd8+ 1-0

[Event "Quebec op"]
[Site "Montreal CAN"]
[Date "2023.08.04"]
[Round "8.10"]
[White "Robichaud, Louis"]
[Black "Berube, Maximilien"]
[Result "1-0"]
[WhiteElo "2008"]
[BlackElo "1655"]
[PlyCount "155"]
[EventDate "2023.07.29"]
[EventType "swiss"]
[EventRounds "9"]
[EventCountry "CAN"]

1. e4 c6 2. d3 d6 3. f4 g6 4. Nf3 Bg7 5. Be2 Nd7 6. Nc3 e5 7. fxe5 Nxe5 8. O-O
Ne7 9. Kh1 O-O 10. Be3 f5 11. Qd2 Nxf3 12. Bxf3 Be6 13. Rad1 Qc7 14. Rfe1 Rad8
15. Bg5 Rde8 16. Re2 fxe4 17. dxe4 Be5 18. Bh6 Rf7 19. Ree1 Kh8 20. Ne2 Ng8 21.
Bf4 Nf6 22. Bxe5 dxe5 23. Qc3 Kg8 24. Nc1 Rd7 25. Rxd7 Bxd7 26. Nd3 Re7 27. h3
Be8 28. Qd2 Kg7 29. Qg5 Bf7 30. b3 Qa5 31. a4 h6 32. Qg3 Qc3 33. Bd1 Rd7 34.
Rf1 Re7 35. Qf3 Re6 36. h4 Qd4 37. Nf2 Qd8 38. g4 h5 39. g5 Nd7 40. Ng4 Qe7 41.
Nh6 Bg8 42. Be2 Rd6 43. Nxg8 Kxg8 44. Bc4+ Kh8 45. Qc3 b6 46. Rf7 Qe8 47. Qf3
Rd4 48. Rf6 Rxc4 49. bxc4 Nxf6 50. Qxf6+ Kh7 51. Kg2 c5 52. Kf2 Kg8 53. Ke1 Kh7
54. Qd6 Kg8 55. Kd2 Kf7 56. Qf6+ Kg8 57. Kc3 Kh7 58. Kb3 Kg8 59. Qd6 Kf7 60. a5
Qe7 61. Qb8 bxa5 62. Ka4 Qd7+ 63. Kxa5 Qd4 64. Qxa7+ Ke8 65. Qa8+ Ke7 66. Qb7+
Ke8 67. Qc6+ Ke7 68. Kb6 Qb2+ 69. Kc7 Qa3 70. Qf6+ Ke8 71. Qxg6+ Ke7 72. Qf6+
Ke8 73. Kd6 Qd3+ 74. Kxe5 Qd4+ 75. Kf5 Qe3 76. Qe6+ Kf8 77. Kg6 Qxg5+ 78. Kxg5
1-0

[Event "Quebec op"]
[Site "Montreal CAN"]
[Date "2023.08.04"]
[Round "8.11"]
[White "Chang, Alexander"]
[Black "Libersan, Thierry"]
[Result "1/2-1/2"]
[WhiteElo "1704"]
[BlackElo "1920"]
[PlyCount "124"]
[EventDate "2023.07.29"]
[EventType "swiss"]
[EventRounds "9"]
[EventCountry "CAN"]

1. e4 c5 2. Nc3 e6 3. Nge2 Nc6 4. d3 Nge7 5. g3 Nd4 6. Bg2 d6 7. Be3 Nec6 8.
O-O g6 9. f4 f5 10. h3 Bg7 11. Qd2 O-O 12. Nd1 Rb8 13. g4 Nxe2+ 14. Qxe2 Qd7
15. c3 b6 16. Nf2 Bb7 17. Rad1 d5 18. e5 d4 19. Bc1 Ne7 20. c4 Bxg2 21. Kxg2 b5
22. b3 Rb6 23. h4 a5 24. Rh1 Qc6+ 25. Qf3 Ra8 26. Qxc6 Nxc6 27. Ba3 b4 28. Bb2
a4 29. Rb1 axb3 30. axb3 Ra2 31. Kf3 Rba6 32. Rhe1 Ra7 33. g5 Kf7 34. Re2 Ra8
35. Bc1 Rxe2 36. Kxe2 Ra2+ 37. Bd2 Na5 38. Kd1 Bf8 39. Nh1 Be7 40. Ng3 Bd8 41.
Ne2 Bc7 42. Nc1 Ra3 43. Be1 Nc6 44. Bg3 Ke7 45. Rb2 Ra8 46. Rh2 Kf7 47. Kc2 Rh8
48. Ne2 Bd8 49. Kb2 Be7 50. Kc2 Nb8 51. Kb2 h6 52. Kc2 Na6 53. Ng1 Nc7 54. Nh3
h5 55. Rh1 Ra8 56. Kb2 Bd8 57. Ra1 Rxa1 58. Kxa1 Na6 59. Kb2 Nb8 60. Ng1 Nc6
61. Nf3 Bc7 62. Kc2 Ke7 1/2-1/2

[Event "Quebec op"]
[Site "Montreal CAN"]
[Date "2023.08.04"]
[Round "8.12"]
[White "Jiang, Barron Jiyu"]
[Black "Guillemette, Hugo"]
[Result "1-0"]
[WhiteElo "1764"]
[BlackElo "1955"]
[PlyCount "135"]
[EventDate "2023.07.29"]
[EventType "swiss"]
[EventRounds "9"]
[EventCountry "CAN"]

1. e4 c5 2. Nf3 e6 3. d4 cxd4 4. Nxd4 Nc6 5. Nc3 Qc7 6. Be2 a6 7. O-O Nf6 8.
Be3 Bb4 9. Na4 Be7 10. Nxc6 bxc6 11. Nb6 Rb8 12. Nxc8 Qxc8 13. Bd4 c5 14. Be5
Rb6 15. Qd3 d6 16. Bc3 O-O 17. b3 d5 18. exd5 exd5 19. Rad1 Re8 20. Bf3 d4 21.
Ba5 Rb5 22. Bd2 Bd6 23. c3 Rd8 24. cxd4 cxd4 25. g3 Ng4 26. Rc1 Qe6 27. Qe2 Ne5
28. Be4 Ba3 29. Rc7 Qd6 30. Rb7 d3 31. Qd1 Rxb7 32. Bxb7 Qb6 33. Bg2 Bb4 34.
Qe1 Bxd2 35. Qxd2 Qd4 36. Rc1 h6 37. h3 Qd7 38. Kh1 Qf5 39. f4 Ng6 40. Rc3 h5
41. h4 Rd6 42. Kg1 Ne7 43. Bf1 Qg4 44. Rxd3 Qxg3+ 45. Rxg3 Rxd2 46. a4 Nf5 47.
Rd3 Rb2 48. Rd8+ Kh7 49. Bxa6 Rxb3 50. Bd3 g6 51. a5 Nxh4 52. a6 Ra3 53. Rd7
Nf3+ 54. Kf2 Nd2 55. a7 h4 56. Rxf7+ Kg8 57. Bxg6 h3 58. Rh7 h2 59. Ke2 Nf3 60.
a8=Q+ Rxa8 61. Kxf3 Ra6 62. f5 Ra2 63. Kg3 Rb2 64. Rxh2 Rb3+ 65. Kg4 Rb4+ 66.
Kg5 Rb1 67. Re2 Rg1+ 68. Kf6 1-0

[Event "Quebec op"]
[Site "Montreal CAN"]
[Date "2023.08.04"]
[Round "8.13"]
[White "Mok, Yuen Tak"]
[Black "Zhong, Kevin"]
[Result "0-1"]
[WhiteElo "1841"]
[BlackElo "2143"]
[PlyCount "74"]
[EventDate "2023.07.29"]
[EventType "swiss"]
[EventRounds "9"]
[EventCountry "CAN"]

1. c4 e6 2. Nf3 d5 3. b3 Nf6 4. g3 Be7 5. Bg2 O-O 6. O-O c5 7. e3 Nc6 8. Bb2 d4
9. exd4 cxd4 10. Re1 Bc5 11. a3 a5 12. d3 Re8 13. Ne5 Nxe5 14. Rxe5 Bd6 15. Re1
e5 16. Nd2 Rb8 17. Nf3 Nd7 18. Qe2 Rf8 19. Qc2 Qc7 20. Nd2 f5 21. Reb1 b5 22.
b4 axb4 23. axb4 Bxb4 24. Bxd4 Bxd2 25. Qxd2 exd4 26. cxb5 Bb7 27. b6 Qd6 28.
Ra7 Bxg2 29. Kxg2 Nxb6 30. Qg5 Qf6 31. Qf4 Ra8 32. Rxa8 Rxa8 33. Qc7 Nd5 34.
Qc4 Qf7 35. Rb5 Nc7 36. Qc6 Rd8 37. Kg1 Nxb5 0-1

[Event "Quebec op"]
[Site "Montreal CAN"]
[Date "2023.08.04"]
[Round "8.14"]
[White "Luksza, Arkadiusz"]
[Black "Wang, Rachel"]
[Result "1-0"]
[WhiteElo "1991"]
[BlackElo "1675"]
[PlyCount "97"]
[EventDate "2023.07.29"]
[EventType "swiss"]
[EventRounds "9"]
[EventCountry "CAN"]

1. d4 d5 2. Nf3 Nf6 3. g3 e6 4. Bg2 Be7 5. O-O O-O 6. c4 dxc4 7. Qc2 c5 8. dxc5
Bxc5 9. Qxc4 Be7 10. Nc3 Nc6 11. Bf4 Bd7 12. Rfd1 Qb6 13. Be3 Qb4 14. Qd3 Rac8
15. a3 Qa5 16. b4 Qh5 17. Ne4 Rfd8 18. Rac1 Ng4 19. Bc5 Nce5 20. Nxe5 Qxh2+ 21.
Kf1 Nxe5 22. Qb1 Bxc5 23. Rxc5 Ba4 24. Rxc8 Rxc8 25. Rc1 Rxc1+ 26. Qxc1 Nc6 27.
Nd6 h6 28. Nxb7 Nd4 29. Qe3 Nf5 30. Qe5 Nh4 31. Be4 Qh3+ 32. Ke1 Ng2+ 33. Kd2
g6 34. Nc5 Be8 35. Qb8 Qh1 36. Qxe8+ Kg7 37. Bxg2 Qxg2 38. Nd3 Qd5 39. Qa4 e5
40. f3 e4 41. fxe4 Qg5+ 42. Kd1 Qxg3 43. Qxa7 Qh4 44. Qd4+ Kh7 45. a4 g5 46. a5
g4 47. a6 g3 48. Ne1 g2 49. Nxg2 1-0

[Event "Quebec op"]
[Site "Montreal CAN"]
[Date "2023.08.04"]
[Round "8.15"]
[White "Pomerantz, Daniel"]
[Black "Peloquin, Charli"]
[Result "0-1"]
[WhiteElo "1979"]
[BlackElo "1791"]
[PlyCount "114"]
[EventDate "2023.07.29"]
[EventType "swiss"]
[EventRounds "9"]
[EventCountry "CAN"]

1. e4 c6 2. d4 d5 3. exd5 cxd5 4. Bd3 Nc6 5. c3 Nf6 6. h3 Ne4 7. Qf3 Be6 8. Ne2
f5 9. Nf4 Bf7 10. h4 e5 11. dxe5 Nxe5 12. Bb5+ Nc6 13. Nd3 Qe7 14. O-O g6 15.
g3 Bg7 16. Be3 O-O 17. Bxc6 bxc6 18. Re1 Qd6 19. Bf4 Qe7 20. Qe3 Qb7 21. f3 Nf6
22. Nd2 Rfe8 23. Qf2 Nd7 24. Nb3 Qb5 25. Rad1 Rxe1+ 26. Qxe1 c5 27. Nbc1 c4 28.
Nb4 a5 29. Nc2 Qxb2 30. Nd4 Re8 31. Qd2 Qxd2 32. Bxd2 Rb8 33. Bf4 Rb2 34. Rd2
Rb1 35. Re2 Nc5 36. Kf2 Rxc1 37. Bxc1 Nd3+ 38. Ke3 Nxc1 39. Rb2 f4+ 40. gxf4
Bh6 41. Rb8+ Kg7 42. a4 Nd3 43. Ne2 Nc5 44. Rb5 Nxa4 45. Rxa5 Nb2 46. Nc1 Nd1+
47. Kd2 Nf2 48. Ke3 Nh3 49. Ne2 Kf6 50. Ra6+ Be6 51. Ra7 Nxf4 52. Rxh7 Nxe2+
53. Kxe2 Bg7 54. h5 Bg8 55. hxg6 Bxh7 56. gxh7 Kg6 57. Ke3 Bxc3 0-1

[Event "Quebec op"]
[Site "Montreal CAN"]
[Date "2023.08.04"]
[Round "8.16"]
[White "Eltafi, Ali Sina"]
[Black "Avarian, Aram Sevag"]
[Result "0-1"]
[WhiteElo "1394"]
[BlackElo "1842"]
[PlyCount "62"]
[EventDate "2023.07.29"]
[EventType "swiss"]
[EventRounds "9"]
[EventCountry "CAN"]

1. e4 c5 2. Nc3 Nc6 3. Nf3 g6 4. d4 cxd4 5. Nxd4 Bg7 6. Be3 Nf6 7. Bd3 O-O 8.
O-O d5 9. Nxc6 bxc6 10. Be2 Nxe4 11. Nxe4 dxe4 12. c3 Qxd1 13. Raxd1 Be6 14.
Rd2 Rfd8 15. Ra1 Rxd2 16. Bxd2 Rb8 17. b4 Rd8 18. Be1 Be5 19. a4 Bb3 20. a5 Rb8
21. Rb1 Bc2 22. Rc1 Bd3 23. Bxd3 exd3 24. c4 Bf4 25. Rd1 d2 26. Bxd2 Rd8 27. b5
cxb5 28. cxb5 Rxd2 29. Rxd2 Bxd2 30. b6 a6 31. g3 Bxa5 0-1